Statistics for vampire diaries characters

Click here to take the quiz!

General Stats

  • This quiz has been taken 926 times
  • The average score is 8 of 11

Answer Stats

HintAnswer% Correct
dark hair black hairdamon
98%
kills bunnysstefan
98%
witchbonnie
97%
is in love with both aboveelena
96%
vampire babriecaroline
94%
brotherjeremy
91%
only human left on showmat
76%
hybrid made from one abovetyler
72%
is awsome first vampireelijah
39%
one of the first vampire but blonderebecka
9%
crazy hybridklous
8%

Score Distribution

Percentile by Number Answered

Percent of People with Each Score

Your Score History

You have not taken this quiz